2023 MLB Network Top 100 Players Right Now - Statistics

General Stats
  • This quiz has been taken 5 times
  • The average score is 73 of 100
Answer Stats
Rank Team Position Player % Correct
2. NYY OF Aaron Judge
100%
26. SDP OF Fernando Tatis Jr.
100%
10. LAD 1B Freddie Freeman
100%
28. TEX SP Jacob deGrom
100%
8. CLE 3B Jose Ramirez
100%
12. SDP OF Juan Soto
100%
5. SDP 3B Manny Machado
100%
3. LAA OF Mike Trout
100%
4. LAD OF Mookie Betts
100%
6. STL 3B Nolan Arenado
100%
7. STL 1B Paul Goldschmidt
100%
13. MIA SP Sandy Alcantara
100%
1. LAA DH/SP Shohei Ohtani
100%
11. PHI SS Trea Turner
100%
73. STL C Willson Contreras
100%
9. HOU DH Yordan Alvarez
100%
79. PHI SP Aaron Nola
80%
41. BAL C Adley Rutschman
80%
24. HOU 3B Alex Bregman
80%
20. ATL 3B Austin Riley
80%
92. KCR SS Bobby Witt Jr.
80%
34. TOR SS Bo Bichette
80%
54. NYM OF Brandon Nimmo
80%
60. PIT OF Bryan Reynolds
80%
17. PHI OF Bryce Harper
80%
22. MIN SS Carlos Correa
80%
38. NYY SP Carlos Rodon
80%
71. BAL OF Cedric Mullins
80%
27. MIL SP Corbin Burnes
80%
33. TEX SS Corey Seager
80%
39. CHC SS Dansby Swanson
80%
82. MIL RP Devin Williams
80%
51. NYM RP Edwin Diaz
80%
52. CLE RP Emmanuel Clase
80%
56. HOU SP Framber Valdez
80%
21. NYM SS Francisco Lindor
80%
37. NYY SP Gerrit Cole
80%
93. MIA 2B Jazz Chisholm Jr.
80%
64. HOU SS Jeremy Pena
80%
40. HOU 1B Jose Abreu
80%
23. HOU 2B Jose Altuve
80%
29. PHI C JT Realmuto
80%
16. SEA OF Julio Rodriguez
80%
44. PHI OF Kyle Schwarber
80%
30. HOU OF Kyle Tucker
80%
67. SEA SP Luis Castillo
80%
46. TEX 2B Marcus Semien
80%
43. ATL 1B Matt Olson
80%
15. NYM SP Max Scherzer
80%
70. TEX 1B Nathaniel Lowe
80%
31. NYM 1B Pete Alonso
80%
19. BOS 3B Rafael Devers
80%
25. ATL OF Ronald Acuna Jr.
80%
84. ATL C Sean Murphy
80%
65. ATL SP Spencer Strider
80%
66. CLE OF Steven Kwan
80%
18. TOR 1B Vladimir Guerrero Jr.
80%
42. LAD C Will Smith
80%
59. MIL SS Willy Adames
80%
32. SDP SS Xander Bogaerts
80%
98. TBR 1B Yandy Diaz
80%
69. ARI SP Zac Gallen
80%
35. PHI SP Zack Wheeler
80%
99. TEX OF Adolis Garcia
60%
90. TOR C Alejandro Kirk
60%
57. TOR SP Alek Manoah
60%
47. CLE 2B Andres Gimenez
60%
77. MIL SP Brandon Woodruff
60%
48. MIN OF Byron Buxton
60%
81. LAD SP Clayton Kershaw
60%
80. HOU SP Cristian Javier
60%
55. CHW SP Dylan Cease
60%
49. TOR OF George Springer
60%
45. NYM 2B Jeff McNeil
60%
96. SDP SP Joe Musgrove
60%
14. NYM SP Justin Verlander
60%
97. SFG SP Logan Webb
60%
63. MIA 2B Luis Arraez
60%
86. CHW OF Luis Robert
60%
36. ATL SP Max Fried
60%
53. ATL OF Michael Harris II
60%
62. TBR OF Randy Arozarena
60%
76. CLE SP Shane Bieber
60%
68. TBR SP Shane McClanahan
60%
61. NYM OF Starling Marte
60%
83. SEA OF Teoscar Hernandez
60%
72. CHW SS Tim Anderson
60%
58. TBR SS Wander Franco
60%
95. SDP SP Yu Darvish
60%
74. NYY 1B Anthony Rizzo
40%
88. ARI 1B Christian Walker
40%
85. TOR OF Daulton Varsho
40%
87. CHW OF Eloy Jimenez
40%
50. LAD SP Julio Urias
40%
94. PHI 1B Rhys Hoskins
40%
78. STL 2B Tommy Edman
40%
89. SEA 1B Ty France
40%
100. NYY OF Giancarlo Stanton
20%
75. TOR 3B Matt Chapman
20%
91. NYY SP Nestor Cortes
20%
No matching quizzes found
Score Distribution
Percent of People with Each Score
Percentile by Number Answered
Your Score History
You have not taken this quiz